=LDR 00000nam 2200000 4500 =001 INLIS000000000022555 =005 20130612121312 =008 ***********************************Ind** =035 ##$$0010-061300000022555 =041 ##$$a Ind =082 ##$$a 650 =090 ##$$a 650, Sce-t =100 ##$$a Scienfeld, Robert =245 ##$$a The 11 th Element (Unsur ke 11), Mengaktifkan kekuatan batin anda untuk menderaskan kesuksesan dan kakayaan, Robert Scienfeld =260 ##$$a 2005 $b Jakarta =300 ##$$a 295 hlm., 24 cm =650 ##$$a Manajemen =850 ##$$a NBPNMAT =990 ##$$a 2090100602/BPAP-NTB/2015